000 00678nam a22002417a 4500
003 BCEG
005 20260414132617.0
008 260414s2019 mx |||||||||||||||||spa d
020 _a9786079472702
040 _aBCEG
_bspa
_cBCEG
082 0 4 _aM868.6
_bH623p
245 0 0 _aHistorias del pasado que son presente.
260 _aMéxico :
_bPax,
_c2019.
300 _a242 p.
490 _aRelatos de Mujeres.
541 _aCompra.
650 1 4 _aMujeres
_vColecciones literarias.
650 1 4 _aMujeres en la literatura.
700 1 _aMaza Pesqueria, Adriana,
_eed.
700 1 _aVázquez-Cangas, Verónica,
_eed.
700 1 _aInfante Vargas, Lucrecia,
_edir.
942 _cBK
999 _c437190
_d437190